Teoretické a aplikačné problémy stabilizačnej politiky v etape transformácie ekonomiky

Stabilizačná politika - organická súčasť národohospodárskej politiky ako celku (rieši krátkodobé problémy). Keynesiánske a monetaristické vysvetlenie pre úspešnú stabilizačnú politiku. Praktické skúsenosti vyspelých ekonomík. Aplikácia nástrojov fiškálnej a monetárnej ekonomiky. Problém časových one...

ver descrição completa

Na minha lista:
Detalhes bibliográficos
Autor principal: Mokrý, Vladimír
Formato: Capítulo de Livro
Idioma:eslovaco
Assuntos:
Tags: Adicionar Tag
Sem tags, seja o primeiro a adicionar uma tag!

MARC

LEADER 00000naa a2200000 4500
001 r036072
005 20220601103106.1
041 0 |a slo 
044 |a SK 
245 1 0 |a Teoretické a aplikačné problémy stabilizačnej politiky v etape transformácie ekonomiky  |c Vladimír Mokrý 
520 |a Stabilizačná politika - organická súčasť národohospodárskej politiky ako celku (rieši krátkodobé problémy). Keynesiánske a monetaristické vysvetlenie pre úspešnú stabilizačnú politiku. Praktické skúsenosti vyspelých ekonomík. Aplikácia nástrojov fiškálnej a monetárnej ekonomiky. Problém časových oneskorení. 
610 2 0 |a politika hospodárska 
610 2 0 |a transformácia 
610 2 0 |a stabilizácia hospodárstva 
610 2 0 |a politika finančná 
610 2 0 |a politika menová 
610 2 0 |a rast hospodársky 
610 2 0 |a teórie ekonomické 
100 1 |a Mokrý, Vladimír